000 00410nam a22001457a 4500
999 _c8167
_d8168
008 190718b ||||| |||| 00| 0 eng d
020 _a9789671069806
082 _a158.4 UNG
100 _aUng, Alvin
245 _aBarefoot Leadership ;
_bthe art and heart of going that extra mile.
260 _aMalaysia ;
_bKhazanah Nasional,
_c2012.
300 _axi, 277 p.
_c23 cm.
650 _aLeadership,
942 _2ddc